01127 2200349 4500001002100000005001500021035002000036007000300056008004100059020002200100082001400122084001600136100002800152245013600180250003500316300005700351650002100408700003100429700002900460700002700489504003300516264003200549336002100581337003000602338002300632040002200655090002200677850001200699999002200711990002200733990002200755INLIS00000000090335220260302111103 a0010-0326000010ta260302s2025 yoia g 000 0 ind d a978-634-01-1781-304223a632.9 a632.9 RIS t0 aRisvan AnwarePengarang10aTeknologi herbisida :bdari prinsip dasar hingga inovasi berkelanjutan /cRisvan Anwar, Neti Kesumawati, Farida Aryani, Eka Suzanna aCetakan Pertama: November 2025 axviii, 242 halaman :bgambar, tabel, grafik ;c23 cm 4aHama, Pembasmian0 aNeti KesumawatiePengarang0 aFarida AryaniePengarang0 aEka SuzannaePengarang aBibliografi: halaman 232-24231aSleman :bDeepublish,c2025 2rdacontentateks 2rdamediaatanpa perantara 2rdacarrieravolume aYOPDYOGbinderda aCB-D.11 2025-5548 aYOPDYOG aCB-D.11/2025-5548 aCB-D.11/2025-5548 aCB-D.11/2025-5548